000 00299nam a2200121 a 4500
005 20140414093834.0
008 030611s19uu xx 00 eng d
050 _aCDR 530
_bSCI 1996
245 _aScience master :
_bPhysics 1.
650 _aPhysics
_xinteractive.
942 _cAVM
999 _c108922
_d108922